| 000 | 01722nam a22004217a 4500 | ||
|---|---|---|---|
| 003 | CHAP | ||
| 005 | 20250522094348.0 | ||
| 008 | 110307s2011 mx r 00010 spa d | ||
| 010 | _a100586 | ||
| 011 | _a101558 | ||
| 035 | _a112246 | ||
| 040 | _cCHAP | ||
| 090 | _aTesis | ||
| 100 | 1 |
_aCárcamo Casiano, Ernesto. _924030 |
|
| 245 | 1 | 0 |
_aRespuesta inmunológica de pollos alimentados con diferentes concentraciones de vitamina E y arginina _h[En línea] _c/por Ernesto Cárcamo Casiano y Gregorio Rodríguez Morales |
| 260 |
_aChapingo, Méx. : _bEl autor, _c2011 |
||
| 500 | _aPara ver el contenido del material haga clic en la liga | ||
| 502 | _aTesis (Ing. Agr. Esp. en Zootecnia) -- UACH. Departamento de Enseñanza, Investigagión y Servicio en Zootecnia | ||
| 590 |
_aALEPH _b10 _c20130110 _lUCH01 _h1539 |
||
| 590 |
_aBATCH-UPD _b10 _c20130110 _lUCH01 _h1129 |
||
| 590 |
_aBATCH-UPD _b10 _c20130410 _lUCH01 _h0718 |
||
| 590 |
_aBATCH-UPD _b10 _c20130914 _lUCH01 _h0952 |
||
| 590 |
_aBATCH-UPD _b10 _c20140324 _lUCH01 _h1523 |
||
| 590 |
_aBATCH-UPD _b10 _c20141002 _lUCH01 _h0848 |
||
| 590 |
_aBATCH _b00 _c20181121 _lUCH01 _h0759 |
||
| 590 |
_aCONVERSION _b10 _c20130109 _lUCH01 _h1355 |
||
| 650 | 1 | 4 |
_aEnfermedad de Newcastle. _936929 |
| 650 | 1 | 0 |
_aInmunología veterinaria _958821 |
| 650 | 1 | 4 |
_aPollos _xAlimentación. _990268 |
| 650 | 1 | 4 |
_aVitaminas (E) _9120017 |
| 700 | 1 |
_aRodríguez Morales, Gregorio. _998721 |
|
| 856 |
_3Finding aid _uhttp://10.13.5.2/tesis/112246.pdf _zTeclea aqui |
||
| 856 |
_a1 _n0001269 |
||
| 901 | _aBK | ||
| 942 | _cFOLL | ||
| 949 |
_aTesis _bBC _cTES _d33724002237801 _eTS1 _gDonaciØn _h52020 _i112246 _st |
||
| 949 |
_aTesis _bBC _cTES _d33724002237842 _eTS2 _fc.2 _gDonaciØn _h52021 _i112246 _st |
||
| 999 |
_c100586 _d100586 |
||